000 00612nam a2200181Ia 4500
003 GCL
008 140319s9999 xx 000 0 ara d
040 _aGCL /
_cGCL
082 0 4 _a189.8
_bم ت
100 1 _aمحروس سيد مرسى
245 1 0 _aالتربية والطبيعة الانسانية فىالفكر الاسلامى وبعض الفلسفات الغربية /
_cمحروس سيد مرسى
260 _a[S.N] :
_bدار المعارف ،
_c1988
300 _a405ص
490 _a
650 0 4 _aالفلسفة الاسلامية
650 0 4 _aالفلسفة العربية
942 _2ddc
_cBK
999 _c55113
_d55113